| 000 | 00612nam a2200217Ia 4500 | ||
|---|---|---|---|
| 001 | 11491 | ||
| 003 | GE_BSU | ||
| 008 | 181216s||||||||xx |||||||||||||| ||und|| | ||
| 040 | _cGE_BSU | ||
| 080 | _a634:631.53.037 | ||
| 100 | _aბუჩუკური,ა. | ||
| 245 | _aხეხილის სანერგე | ||
| 245 | _cრედ:ი.მაღალაშვილი. | ||
| 260 | _aთბილისი | ||
| 260 | _bსახელგამი | ||
| 260 | _c1953 | ||
| 300 | _a107გვ;20სმ. | ||
| 300 | _bილ. | ||
| 653 | _aხეხილის სანერგე | ||
| 942 | _cBK | ||
| 999 |
_c44687 _d44687 |
||